| 000 | 00945nam a2200265 a 4500 | ||
|---|---|---|---|
| 001 | 52050 | ||
| 003 | BD-RjUL | ||
| 005 | 20211209075740.0 | ||
| 008 | 160905s1915 ii 001 0 eng | ||
| 035 | _a(BD-RjUL)52170 | ||
| 040 |
_aDLC _cDLC _dDLC _dBD-RjUL _beng |
||
| 041 | _aeng | ||
| 082 | 0 | 0 |
_a342.5409 _223 _bINI 1915 |
| 090 | _aLCo | ||
| 110 | 1 |
_aIndia. _bGovernor-General (1910-1916 : Hardinge) _9155665 |
|
| 245 | 1 | 0 |
_aIndian local self-government policy, 1915 : _bbeing a resolution issued by the Governor General in Council on the 28th April, 1915. / |
| 260 |
_aCalcutta : _bSupt. Govt. Print., _c1915. |
||
| 300 |
_aii, 42, iii p. ; _c22 cm. |
||
| 500 | _aIncludes index. | ||
| 650 | 0 |
_aLocal government _xLaw and legislation _zIndia. _9155666 |
|
| 650 | 0 |
_aLocal taxation _xLaw and legislation _zIndia. _9155667 |
|
| 700 | 1 |
_aHardinge of Penshurst, Charles Hardinge, _cBaron, _d1858-1944. _9155668 |
|
| 942 |
_2ddc _cBK |
||
| 999 |
_c52050 _d52050 |
||